| 000 | 00545nam a2200193Ia 4500 | ||
|---|---|---|---|
| 005 | 20260429111906.0 | ||
| 008 | 260429s9999||||xx |||||||||||||| ||und|| | ||
| 020 | _a9783030863227 | ||
| 041 | _aEnglish | ||
| 082 |
_a362.20811 _bWHI |
||
| 100 | _aWhitley, Rob | ||
| 245 | 0 |
_aMen’s issues and men’s mental health : _ban introductory primer / _cRob Whitley |
|
| 260 |
_aSwitzerland : _bSpringer, _c2021. |
||
| 300 | _axv, 255 p.; pbk | ||
| 650 | _a Mental health | ||
| 650 | _a Mental illness | ||
| 650 | _aSocial welfare | ||
| 942 | _cTB | ||
| 999 |
_c51305 _d51305 |
||